000 00751cam a22002294a 4500
001 14683129
005 20250115125045.0
008 061229s2008 ohua b 001 0 eng
020 _a0324421494 (hbk.)
020 _a9780324421491
050 0 0 _aHF5549
_b.H519 2008
100 1 _aHodgetts, Richard M.
245 1 0 _aModern human relations at work /
_cRichard M. Hodgetts, Kathryn W. Hegar.
250 _a10th ed.
260 _aMason, OH :
_bThomson/Southwestern,
_cc2008.
300 _axiii, 621 p. :
_bill. ;
_c26 cm.
650 0 _aPersonnel management.
650 0 _aOrganizational behavior.
700 1 _aHegar, Kathryn W.
856 4 1 _3Table of contents
_uhttp://www.loc.gov/catdir/toc/fy0716/2006941016.html
942 _2lcc
_cBK
_e10th Ed.
_n0
999 _c2554
_d2554